[Event "Olympiad U16 11th"]
[Site "Acri"]
[Date "2006.08.07"]
[Round "3"]
[White "Prohaszka, Peter"]
[Black "Du, Shaolong"]
[Result "1-0"]
[WhiteElo "2404"]
[BlackElo "2216"]
[PlyCount "85"]
[EventDate "2006.08.06"]
[EventType "team"]
[EventRounds "10"]
[EventCountry "TUR"]
[SourceTitle "EXT 2007"]
[Source "ChessBase"]
[SourceDate "2006.11.23"]
[SourceVersion "1"]
[SourceVersionDate "2006.11.23"]
[SourceQuality "1"]
[WhiteTeam "Hungary"]
[BlackTeam "China"]
[WhiteTeamCountry "HUN"]
[BlackTeamCountry "CHN"]

1. d4 Nf6 2. c4 g6 3. Nc3 Bg7 4. e4 d6 5. Bd3 e5 6. d5 0-0 7. Nge2 a5 8. 0-0 Na6 9. Bc2 h6 10. f3 Ne8 11. Be3 f5 12. exf5 Bxf5 13. a3 Nf6 14. Ng3 Bxc2 15. Qxc2 Kh7 16. Rab1 c6 17. Rfd1 Rc8 18. Qb3 Qe7 19. Nge4 Nh5 20. dxc6 Rxc6 21. Nd5 Qf7 22. Bb6 a4 23. Qxa4 Nf4 24. Nxf4 exf4 25. Nxd6 Qe6 26. c5 Nxc5 27. Bxc5 Rxc5 28. Qe4 Qxe4 29. Nxe4 Rc7 30. Rd2 g5 31. Kf2 Rfc8 32. Ke2 Kg6 33. b4 Rc2 34. Rb3 Bd4 35. Rxc2 Rxc2+ 36. Kd3 Rb2 37. Rxb2 Bxb2 38. a4 Be5 39. a5 Bc7 40. Nc5 b6 41. a6 Bb8 42. Nd7 Ba7 43. Ne5+ 1-0